Natal - Choix Multiples - Statistiques

Statistiques générales
  • Ce quiz a été pris 8 fois
  • Le résultat moyen est 6 sur 10
Statistiques - réponses
Question Réponse % Correct
Quelle image parmi celles ci-dessous représente le Pont Newton Navarro?
100%
Parmi les images suivantes, quelle est celle représentant l'État brésilien dans lequel Natal se situe?
88%
En 1994, "l'Anacardier du Pirangi", situé à Natal, est entré dans le Livre Guinness des records. De quoi parle-t-on? D'un arbre
88%
Quel évènement a contribué à donner son nom à la ville? Sa fondation
88%
Pendant la Seconde Guerre Mondiale, quel dirigeant rencontra le Président brésilien Getulio Vargas à Natal? Franklin D. Roosevelt
63%
Quelle équipe nationale parmi celles-ci ne joua pas à Natal lors de la Coupe du Monde 2014? La France
50%
Quelle figure historique italienne offrit la "Colonne Capitoline" à la ville? Benito Mussolini
25%
Sous quel nom, utilisé pour d'autres villes, les Néerlandais ont-ils renommé la ville entre 1633 et 1654? La Nouvelle-Amsterdam
25%
Quel cours d'eau baigne la ville? Le Rio Pontenji
25%
Qu'est-ce que la Barreira do Inferno, établissement situé près de Natal? Une base de lancement de fusées
25%
Aucun quiz correspondant
Distribution des résultats
% des personnes avec chaque résultat
Percentile par nombre de réponses
Votre historique - résultats
Vous n’avez pas pris ce quiz